00616nam a22002177a 450000500170000001000130001702000220003002000150005203500130006703700160008004000120009608200150010810000220012324500890014526000350023427000400026930000200030950000190032965000210034865000290036920170124105931.0 aA-835072 c00.00a0043301878 a0043301886 aA-835072 bCen Lib/Ret aDPLbEN a339.9bCHA aChaudhuri, Pramit aAspects of Indian economic development : cby Pramit Chaudhurib a book of reading / aLondonb Allen and Unwinc1971 aRuskin House, Museum StreetbLondon a288p.c21cm(Hb) aIncludes index aEconomic history aIndia -- Economic policy